000 00772nam a2200241 i 4500
001 10201
003 ES-MaACL
005 20250824222024.0
007 t|
008 950317s1994 sp ||||1| spa d
020 _a84-7844-217-0
080 _a83-311.17"19"
080 _a83(Roth,J.7 P.03=6)
100 0 _aRoth, Joseph,
_d1894-1939
_999952
245 1 3 _aEl Peso falso
_b: (Historia de un inspector de pesas y medidas) /
_cJoseph Roth ; traducción de Miguel Sènz.
260 _aMadrid :
_bSiruela,
_cD.L.1994.
300 _a147 p. ;
_c22 cm.
490 1 _aLibros del tiempo ;
_v69
700 1 _aSáenz, Miguel,
_d1932-
_9101299
830 0 0 _aLibros del tiempo (Siruela)
_v69
_9233603
852 _aES-MaACL
_jL-17754
_bR.123518
999 _c10201
_d10201